M & E : building services directory.
| Format: | Book |
|---|---|
| Published: |
Puchong:
Dove Link,
[199-].
|
| Subjects: |
| LEADER | 00457cam a2200157 7i4500 | ||
|---|---|---|---|
| 001 | 0000006743 | ||
| 005 | 19991025090000.0 | ||
| 002 | ##000008455 | ||
| 020 | 0 | 0 | |a T000006385 |
| 090 | 0 | 0 | |a M 358.22025 |b MAE |
| 245 | 0 | 0 | |a M & E : |b building services directory. |
| 260 | 0 | 0 | |a Puchong: |b Dove Link, |c [199-]. |
| 300 | 0 | 0 | |a 201 p.. |
| 650 | 0 | 0 | |a Building services -- |x Directories -- |z Malaysia |
| 651 | 0 | 0 | |a Malaysia |
| 999 | |a 0000009938 |b Book |c Open shelf |e Business Information Centre | ||